LDR 01023naa#a2200193#i#450# 001 RU\\bibl\121465 005 20260515055926.5 011 ## _a1994-4683 100 ## _a20230531b2023####ek#y0rusy0150####ca 102 ## _aRU 200 1# _aВЛИЯНИЕ ДИСТАНЦИОННОГО ОБУЧЕНИЯ НА УРОВЕНЬ ФИЗИЧЕСКОЙ ПОДГОТОВЛЕННОСТИ СТУДЕНТОК ЗАБАЙКАЛЬСКОГО ГОСУДАРСТВЕННОГО УНИВЕРСИТЕТА _eЖурнальная статья 210 1# _aМосква _cНациональный государственный Университет физической культуры, спорта и здоровья им. П.Ф. Лесгафта _d2023 215 ## _a4 с. 608 ## _aЖурнальная статья _2local 675 ## _aМетоды обучения. Формы преподавания. 378.147 _z 700 #1 _aСрулевич _gС А 700 #1 _aМатвеева _gС П 700 #1 _aСрулевич _gД В 856 4# _auchzapiski.lesgaft.spb.ru _u